000 00640nam a2200181Ia 4500
008 090630s9999 xx 000 0 und d
082 _b12056
100 _aसौ. बोकिल विद्या.
245 _aजादूची चुटकी.
_cसौ. बोकिल विद्या.
260 _bश्रध्दा.
_c1988
300 _a18
600 _aसौ. बोकिल विद्या.
630 _aजादूची चुटकी.
655 _aबालवाङमय.
700 _aसौ. बोकिल विद्या.
730 _aजादूची चुटकी.
942 _cBOOK
999 _c263912
_d263912